[Event "URU-chT Clubs"]
[Site "Punta del Este"]
[Date "2014.08.23"]
[Round "1.14"]
[White "De Leon, Veronica"]
[Black "Perez, Manuela"]
[Result "1/2-1/2"]
[WhiteElo "1587"]
[BlackElo "1510"]
[PlyCount "69"]
[EventDate "2014.08.23"]
[EventType "team-swiss"]
[EventRounds "5"]
[EventCountry "URU"]
[SourceTitle "EXT 2017"]
[Source "ChessBase"]
[SourceDate "2016.10.25"]
[SourceVersion "1"]
[SourceVersionDate "2016.10.25"]
[SourceQuality "1"]

1. c4 e6 2. Nc3 Bb4 3. g3 Nf6 4. Bg2 0-0 5. Nf3 d5 6. cxd5 Nxd5 7. 0-0 Be7 8. d3 Nd7 9. Bd2 Bf6 10. Rb1 Rb8 11. a3 b6 12. Ne4 Be7 13. Nd4 Bb7 14. Qa4 Nc5 15. Nxc5 Bxc5 16. Nb3 Bd6 17. Qg4 Nf6 18. Qh3 Bxg2 19. Qxg2 Qc8 20. Qc6 Qb7 21. Rfc1 Qxc6 22. Rxc6 Rfc8 23. e4 e5 24. Re1 Nd7 25. Be3 f6 26. Nd2 Bc5 27. Nc4 b5 28. Nd2 Bxe3 29. Rxe3 Rb6 30. Rxb6 Nxb6 31. b4 c5 32. Nb3 Na4 33. Re2 c4 34. dxc4 bxc4 35. Rc2 1/2-1/2

[Event "URU-ch (Women)"]
[Site "Montevideo"]
[Date "2014.03.30"]
[Round "6"]
[White "De Leon, Patricia O"]
[Black "De Leon, Veronica"]
[Result "1-0"]
[WhiteElo "2114"]
[BlackElo "1802"]
[PlyCount "45"]
[EventDate "2014.03.27"]
[EventType "swiss"]
[EventRounds "7"]
[EventCountry "URU"]
[SourceTitle "CBM 159 Extra"]
[Source "ChessBase"]
[SourceDate "2014.04.24"]
[SourceVersion "1"]
[SourceVersionDate "2014.04.24"]
[SourceQuality "1"]

1. d4 d5 2. c4 e6 3. Nc3 Nf6 4. Bg5 Nbd7 5. cxd5 exd5 6. e3 c6 7. Bd3 Be7 8. Qc2 0-0 9. Nf3 Re8 10. 0-0 Ne4 11. Bxe7 Qxe7 12. Rab1 f5 13. b4 a6 14. a4 g5 15. b5 axb5 16. axb5 Qd6 17. bxc6 bxc6 18. Rfc1 c5 19. Nxd5 Ba6 20. Bxa6 Rxa6 21. Qc4 Kg7 22. Nc7 Raa8 23. Rb7 1-0

[Event "URU-ch U20"]
[Site "Montevideo"]
[Date "2014.03.22"]
[Round "4"]
[White "De Leon, Veronica"]
[Black "Michailov, Matias"]
[Result "0-1"]
[WhiteElo "1639"]
[BlackElo "2129"]
[PlyCount "52"]
[EventDate "2014.03.21"]
[EventType "swiss"]
[EventRounds "6"]
[EventCountry "URU"]
[SourceTitle "CBM 159 Extra"]
[Source "ChessBase"]
[SourceDate "2014.04.24"]
[SourceVersion "1"]
[SourceVersionDate "2014.04.24"]
[SourceQuality "1"]

1. c4 e5 2. Nc3 Nf6 3. g3 d5 4. cxd5 Nxd5 5. Bg2 Nb6 6. Nf3 Nc6 7. e3 Be7 8. 0-0 0-0 9. Ne2 e4 10. Ne1 Bf5 11. d3 Be6 12. Nc3 exd3 13. Nxd3 Bc4 14. Bxc6 bxc6 15. Ne5 Bxf1 16. Nxc6 Qxd1 17. Nxd1 Bf6 18. Kxf1 Nd5 19. Bd2 Rfe8 20. Rc1 Re6 21. Rc5 Rd6 22. Ke2 Re8 23. Nc3 Bxc3 24. bxc3 f5 25. c4 Nf6 26. Bc1 Ne4 0-1

[Event "URU-ch sf"]
[Site "Montevideo"]
[Date "2014.03.04"]
[Round "9"]
[White "De Leon, Veronica"]
[Black "Milan, Julio"]
[Result "0-1"]
[WhiteElo "1658"]
[BlackElo "1689"]
[PlyCount "112"]
[EventDate "2014.02.28"]
[EventType "swiss"]
[EventRounds "9"]
[EventCountry "URU"]
[SourceTitle "CBM 159 Extra"]
[Source "ChessBase"]
[SourceDate "2014.04.24"]
[SourceVersion "1"]
[SourceVersionDate "2014.04.24"]
[SourceQuality "1"]

1. c4 Nf6 2. Nc3 c5 3. g3 Nc6 4. Bg2 g6 5. a3 Bg7 6. Rb1 0-0 7. b4 cxb4 8. axb4 Qc7 9. d3 a6 10. Bd2 Qd6 11. Nd5 Nxd5 12. Bxd5 e6 13. Bg2 b5 14. cxb5 axb5 15. Nf3 Ra7 16. 0-0 Bb7 17. Be3 Nd4 18. Nxd4 Bxd4 19. Bxd4 Qxd4 20. Bxb7 Rxb7 21. e3 Qc3 22. Qb3 Qxb3 23. Rxb3 Rc8 24. Ra1 Kg7 25. Kg2 f5 26. h4 h5 27. d4 Kf6 28. Rb2 Rcc7 29. f4 Ke7 30. Kf3 Ra7 31. Rab1 Kd6 32. Ke2 Ra3 33. Rb3 Rc3 34. Rxc3 Rxc3 35. Rb2 Kd5 36. Kd2 Kc4 37. Ra2 Kxb4 38. Ra7 Kb3 39. Rxd7 Rc2+ 40. Kd3 b4 41. Rg7 Kb2 42. Rxg6 Rc6 43. e4 Kc1 44. exf5 Rc3+ 45. Ke2 exf5 46. Ra6 b3 47. Ra1+ Kb2 48. Rd1 Kc2 49. Rd2+ Kb1 50. Rd1+ Ka2 51. d5 b2 52. Rd2 Ka1 53. d6 b1Q 54. d7 Qe4+ 55. Kd1 Qf3+ 56. Ke1 Re3+ 0-1

[Event "URU-ch sf"]
[Site "Montevideo"]
[Date "2014.02.28"]
[Round "1"]
[White "Idiarte Borda, Jorge"]
[Black "De Leon, Veronica"]
[Result "1-0"]
[WhiteElo "2080"]
[BlackElo "1658"]
[PlyCount "95"]
[EventDate "2014.02.28"]
[EventType "swiss"]
[EventRounds "9"]
[EventCountry "URU"]
[SourceTitle "CBM 159 Extra"]
[Source "ChessBase"]
[SourceDate "2014.04.24"]
[SourceVersion "1"]
[SourceVersionDate "2014.04.24"]
[SourceQuality "1"]

1. Nf3 d5 2. c4 e6 3. g3 Nf6 4. b3 Be7 5. Bb2 0-0 6. Bg2 c5 7. cxd5 exd5 8. d4 b6 9. 0-0 Bb7 10. e3 Nbd7 11. Nbd2 Ne4 12. Rc1 Rc8 13. Qe2 Ndf6 14. Rfd1 Rc7 15. dxc5 bxc5 16. Nxe4 Nxe4 17. Nd2 Qc8 18. Nxe4 dxe4 19. Be5 Rd7 20. Qc4 Ba6 21. Qxe4 Rxd1+ 22. Rxd1 Re8 23. Qc6 c4 24. bxc4 Bxc4 25. Qxc8 Rxc8 26. Rc1 Be6 27. Rxc8+ Bxc8 28. Bd4 a5 29. Bc6 Bd8 30. a4 Bh3 31. f3 h5 32. Kf2 f6 33. Bb5 g6 34. Ke2 Kf7 35. Kd2 Be6 36. Kc3 Kf8 37. Bc5+ Be7 38. Kd4 Bb3 39. Bxe7+ Kxe7 40. Kc5 Ke6 41. Kb6 Bd1 42. Bc6 g5 43. Kxa5 Kd6 44. Kb6 Be2 45. a5 g4 46. f4 Bf3 47. e4 f5 48. e5+ 1-0

[Event "La Paloma Rocha III Balneario-C"]
[Site "La Paloma"]
[Date "2014.02.12"]
[Round "5.1"]
[White "Pos, Marcos"]
[Black "De Leon, Veronica"]
[Result "1/2-1/2"]
[WhiteElo "1761"]
[BlackElo "1658"]
[PlyCount "82"]
[EventDate "2014.02.10"]
[EventType "tourn"]
[EventRounds "9"]
[EventCountry "URU"]
[SourceTitle "EXT 2024"]
[Source "ChessBase"]
[SourceDate "2023.10.10"]
[SourceVersion "1"]
[SourceVersionDate "2023.10.10"]
[SourceQuality "1"]

1. e4 e5 2. Nf3 Nf6 3. Nxe5 d6 4. Nf3 Nxe4 5. d4 d5 6. Bd3 Bd6 7. 0-0 0-0 8. c4 c6 9. Nc3 Nxc3 10. bxc3 Bg4 11. h3 Bh5 12. Re1 Qc7 13. Bxh7+ Kh8 14. Bd3 Nd7 15. c5 Bf4 16. Re7 Bxc1 17. Rxc1 Rae8 18. Rxe8 Rxe8 19. g4 Bg6 20. Bxg6 fxg6 21. Qd3 Nf8 22. Ne5 Re6 23. Qf3 Rf6 24. Qg3 Qe7 25. Re1 Re6 26. Qe3 Kh7 27. f4 Nd7 28. f5 gxf5 29. gxf5 Rh6 30. Nxd7 Qxd7 31. Rf1 Qf7 32. Rf3 Rf6 33. Qg5 Kg8 34. Kg2 Qf8 35. h4 g6 36. Rg3 Rxf5 37. Qxg6+ Kh8 38. Qe6 Rf6 39. Qe5 Kh7 40. Qg5 Rf2+ 41. Kh3 Rf6 1/2-1/2

[Event "La Paloma Rocha III Balneario-C"]
[Site "La Paloma"]
[Date "2014.02.11"]
[Round "4.4"]
[White "De Leon, Veronica"]
[Black "De Leon, Patricia O"]
[Result "0-1"]
[WhiteElo "1658"]
[BlackElo "1875"]
[PlyCount "38"]
[EventDate "2014.02.10"]
[EventType "tourn"]
[EventRounds "9"]
[EventCountry "URU"]
[SourceTitle "EXT 2024"]
[Source "ChessBase"]
[SourceDate "2023.10.10"]
[SourceVersion "1"]
[SourceVersionDate "2023.10.10"]
[SourceQuality "1"]

1. c4 e5 2. Nc3 Nc6 3. g3 g6 4. Bg2 Bg7 5. e4 d6 6. Nge2 Be6 7. d3 Qd7 8. Nd5 Nge7 9. Be3 0-0 10. Qd2 f5 11. f4 Rae8 12. 0-0 Nd4 13. Nxe7+ Rxe7 14. Bxd4 exd4 15. exf5 Bxf5 16. Bxb7 c6 17. Ba6 Rfe8 18. Nc1 Bh3 19. Rd1 Qg4 0-1

[Event "Pan American-ch Amateur"]
[Site "Montevideo"]
[Date "2013.10.28"]
[Round "8"]
[White "De Leon, Veronica"]
[Black "Nacelle, Daniel"]
[Result "1/2-1/2"]
[WhiteElo "1624"]
[BlackElo "1728"]
[PlyCount "42"]
[EventDate "2013.10.24"]
[EventType "swiss"]
[EventRounds "9"]
[EventCountry "URU"]
[SourceTitle "EXT 2014"]
[Source "ChessBase"]
[SourceDate "2013.11.20"]
[SourceVersion "1"]
[SourceVersionDate "2013.11.20"]
[SourceQuality "1"]

1. c4 e5 2. Nc3 Nf6 3. g3 d6 4. Bg2 g6 5. e3 Bg7 6. Nge2 0-0 7. 0-0 c6 8. e4 Ne8 9. d3 f5 10. f4 fxe4 11. dxe4 Qe7 12. Qc2 Nd7 13. Be3 Ndf6 14. fxe5 Ng4 15. Rxf8+ Qxf8 16. Rf1 Qe7 17. Bd2 Nxe5 18. b3 Nf6 19. Nf4 Bd7 20. Nd3 Nfg4 21. Nxe5 Nxe5 1/2-1/2

[Event "Pan American-ch Amateur"]
[Site "Montevideo"]
[Date "2013.10.26"]
[Round "5"]
[White "De Leon, Veronica"]
[Black "Ibanez Iglesias, Juan Rodrigo"]
[Result "0-1"]
[WhiteElo "1624"]
[BlackElo "1995"]
[PlyCount "68"]
[EventDate "2013.10.24"]
[EventType "swiss"]
[EventRounds "9"]
[EventCountry "URU"]
[SourceTitle "EXT 2014"]
[Source "ChessBase"]
[SourceDate "2013.11.20"]
[SourceVersion "1"]
[SourceVersionDate "2013.11.20"]
[SourceQuality "1"]

1. c4 c5 2. g3 Nc6 3. Nc3 g6 4. Bg2 Bg7 5. a3 e5 6. b4 d6 7. Rb1 Nge7 8. d3 0-0 9. e3 f5 10. Nge2 h6 11. b5 Nb8 12. 0-0 Nd7 13. f4 Qc7 14. e4 Nf6 15. Qc2 Be6 16. Nd1 Rad8 17. Nf2 Nc8 18. a4 fxe4 19. Nxe4 Nxe4 20. Bxe4 Bf5 21. Nc3 Ne7 22. Be3 Bh3 23. Bg2 Bxg2 24. Kxg2 Nf5 25. Bd2 Nd4 26. Qd1 exf4 27. Rxf4 g5 28. Rxf8+ Rxf8 29. Qg1 Nf3 30. Qd1 Qf7 31. Nd5 Nxd2 32. Qxd2 Qf3+ 33. Kh3 Rf4 34. Nxf4 Bf6 0-1

[Event "Montevideo Metropolitano U20 op 3rd"]
[Site "Montevideo"]
[Date "2013.09.29"]
[Round "4.2"]
[White "Quevedo, Andreina"]
[Black "De Leon, Veronica"]
[Result "0-1"]
[WhiteElo "1528"]
[BlackElo "1624"]
[PlyCount "102"]
[EventDate "2013.09.27"]
[EventType "swiss"]
[EventRounds "5"]
[EventCountry "URU"]
[SourceTitle "EXT 2024"]
[Source "ChessBase"]
[SourceDate "2023.10.10"]
[SourceVersion "1"]
[SourceVersionDate "2023.10.10"]
[SourceQuality "1"]

1. e4 e5 2. Nf3 Nf6 3. Nxe5 d6 4. Nf3 Nxe4 5. d4 d5 6. Bd3 Bd6 7. 0-0 0-0 8. c4 c6 9. Nc3 Nxc3 10. bxc3 Bg4 11. cxd5 cxd5 12. h3 Bh5 13. Rb1 b6 14. Re1 Qc7 15. Rb5 Rd8 16. Qc2 Bxf3 17. gxf3 g6 18. Bg5 Rd7 19. Re8+ Bf8 20. Bh6 Rd8 21. Rxf8+ Rxf8 22. Bxf8 Kxf8 23. Rxd5 Nc6 24. Rb5 Rc8 25. Rb2 Qd7 26. Ba6 Rc7 27. Bb5 Nxd4 28. Bxd7 Nxc2 29. Rxc2 Rxd7 30. Kf1 Re7 31. Rd2 f5 32. f4 h6 33. h4 Re4 34. Rd4 Ke7 35. Rxe4+ fxe4 36. Ke2 Ke6 37. Ke3 Kf5 38. a4 a6 39. c4 a5 40. f3 exf3 41. Kxf3 h5 42. Ke3 Kg4 43. Kd4 Kxh4 44. Kd5 Kg4 45. Kc6 h4 46. Kxb6 h3 47. c5 h2 48. c6 h1Q 49. c7 Qa8 50. f5 gxf5 51. c8Q Qxc8 0-1

[Event "Montevideo Metropolitano U20 op 2nd"]
[Site "Montevideo"]
[Date "2013.08.25"]
[Round "4.2"]
[White "De Leon, Patricia O"]
[Black "De Leon, Veronica"]
[Result "1-0"]
[WhiteElo "1855"]
[BlackElo "1634"]
[PlyCount "69"]
[EventDate "2013.08.23"]
[EventType "swiss"]
[EventRounds "5"]
[EventCountry "URU"]
[SourceTitle "EXT 2024"]
[Source "ChessBase"]
[SourceDate "2023.10.10"]
[SourceVersion "1"]
[SourceVersionDate "2023.10.10"]
[SourceQuality "1"]

1. d4 d5 2. c4 e6 3. Nc3 Nf6 4. Bg5 Nbd7 5. cxd5 exd5 6. e3 c6 7. Bd3 Be7 8. Nge2 0-0 9. 0-0 Re8 10. Qc2 h6 11. Bh4 Ne4 12. Bxe7 Qxe7 13. Rae1 Nb6 14. f3 Nd6 15. e4 dxe4 16. fxe4 Qg5 17. Rf3 Be6 18. Rg3 Qd8 19. Qc1 Kh8 20. b3 Rc8 21. Qe3 Nd7 22. Nf4 Bf5 23. Nh5 Bg6 24. Nf4 Bf5 25. Qf2 Qe7 26. e5 c5 27. Ncd5 Qd8 28. exd6 Rxe1+ 29. Qxe1 Bxd3 30. Nxd3 c4 31. bxc4 Rxc4 32. Ne5 Nxe5 33. Qxe5 f6 34. Qe7 Qxe7 35. dxe7 1-0

[Event "Montevideo Metropolitano U20 op 2nd"]
[Site "Montevideo"]
[Date "2013.08.24"]
[Round "3.1"]
[White "De Leon, Veronica"]
[Black "Busca, Joaquin"]
[Result "1/2-1/2"]
[WhiteElo "1634"]
[BlackElo "1634"]
[PlyCount "132"]
[EventDate "2013.08.23"]
[EventType "swiss"]
[EventRounds "5"]
[EventCountry "URU"]
[SourceTitle "EXT 2024"]
[Source "ChessBase"]
[SourceDate "2023.10.10"]
[SourceVersion "1"]
[SourceVersionDate "2023.10.10"]
[SourceQuality "1"]

1. c4 c5 2. Nc3 Nc6 3. g3 g6 4. Bg2 Bg7 5. Rb1 e6 6. d3 Nge7 7. e4 0-0 8. Nf3 a6 9. Bd2 Rb8 10. a3 b5 11. cxb5 axb5 12. b4 cxb4 13. axb4 Bb7 14. Nxb5 Ba6 15. Nd6 Bxd3 16. Rb3 Bb5 17. Nxb5 Rxb5 18. Bf1 Rb8 19. b5 Nd4 20. Nxd4 Bxd4 21. Bb4 Bg7 22. Qd2 Ra8 23. Bd3 Re8 24. 0-0 d5 25. Rd1 Qb6 26. Qe2 Ra7 27. Ra3 Rxa3 28. Bxa3 Bd4 29. Bb2 Rb8 30. Bxd4 Qxd4 31. Rb1 Nc8 32. exd5 Qxd5 33. Bc4 Qc5 34. Rb3 Nd6 35. Bd3 e5 36. Qb2 Rb6 37. Rc3 Qd4 38. Rb3 Qc5 39. Bf1 Nf5 40. Rc3 Qd4 41. Qc2 Ne7 42. Rd3 Qa1 43. Qc7 Rxb5 44. Kg2 Nf5 45. Rd8+ Kg7 46. Bxb5 Qb2 47. Qc5 Nd4 48. Qf8+ Kf6 49. Bc4 Qb7+ 50. Bd5 Qa7 51. Qd6+ Kg5 52. Qxe5+ Nf5 53. g4 Kxg4 54. Bf3+ Kg5 55. Rd6 Kh6 56. Rd5 Nh4+ 57. Kg3 Nf5+ 58. Kg2 Nh4+ 59. Kg3 Nf5+ 60. Kh3 Qxf2 61. Qf4+ Kg7 62. Rd7 Qf1+ 63. Kg4 Qg1+ 64. Kh3 Qf1+ 65. Kg4 Qg1+ 66. Kh3 Qf1+ 1/2-1/2

[Event "URU-chTB"]
[Site "Punta del Este"]
[Date "2013.08.17"]
[Round "4.44"]
[White "De Leon, Veronica"]
[Black "Perez, Cecilia Manuela"]
[Result "1-0"]
[WhiteElo "1634"]
[BlackElo "1487"]
[PlyCount "143"]
[EventDate "2013.08.16"]
[EventType "team-swiss"]
[EventRounds "5"]
[EventCountry "URU"]
[SourceTitle "EXT 2018"]
[Source "ChessBase"]
[SourceDate "2017.10.13"]
[SourceVersion "1"]
[SourceVersionDate "2017.10.13"]
[SourceQuality "1"]

1. c4 f5 2. Nc3 Nf6 3. g3 e6 4. Bg2 Be7 5. d3 0-0 6. e4 d6 7. Nf3 e5 8. 0-0 fxe4 9. dxe4 Bd7 10. Qc2 Bc6 11. Nd5 Nbd7 12. b4 Bxd5 13. cxd5 b5 14. Bb2 Rc8 15. Nd2 Nb8 16. Qd3 a6 17. a4 Qd7 18. axb5 axb5 19. Ra5 c6 20. dxc6 Qxc6 21. Rxb5 Qc2 22. Qxc2 Rxc2 23. Bc1 Rfc8 24. Nb3 R2c3 25. Bh3 Nbd7 26. Be6+ Kf8 27. Bg5 Nxe4 28. Bxd7 Bxg5 29. Bxc8 Rxc8 30. Re1 Nc3 31. Rb6 Be7 32. Na5 Nd5 33. Rb7 Kf7 34. Re4 Rc1+ 35. Kg2 Rc2 36. Rc4 Rb2 37. Nc6 Ne3+ 38. Kf3 Nxc4 39. Nxe7 Ke6 40. Nc6 Nd2+ 41. Kg4 Ne4 42. f3 Nf6+ 43. Kh3 g6 44. b5 Kd5 45. Na7 Kc5 46. Rf7 Ra2 47. b6 Ne8 48. b7 Rb2 49. Rxh7 Nf6 50. Rc7+ Kd5 51. Nc6 Ne8 52. Ne7+ Ke6 53. Rc8 Rxb7 54. Nxg6 Rh7+ 55. Kg2 Kf7 56. Nh4 Nf6 57. Rc6 Ke6 58. Ng6 Kd5 59. Rc2 Rg7 60. Nh4 e4 61. fxe4+ Nxe4 62. Nf5 Rf7 63. Ne3+ Kd4 64. Ng4 d5 65. h4 Nf6 66. Rf2 Nxg4 67. Rxf7 Ne3+ 68. Kf3 Kd3 69. h5 d4 70. h6 Kc2 71. h7 Nf1 72. h8Q 1-0

[Event "Pan American-ch U16 Girls 24th"]
[Site "Pocos de Caldas"]
[Date "2013.07.30"]
[Round "8.11"]
[White "De Leon, Veronica"]
[Black "Perez, Maria del Rosario"]
[Result "1-0"]
[WhiteElo "1634"]
[BlackElo "1541"]
[PlyCount "79"]
[EventDate "2013.07.25"]
[EventType "swiss"]
[EventRounds "9"]
[EventCountry "BRA"]
[SourceTitle "EXT 2022"]
[Source "ChessBase"]
[SourceDate "2021.10.06"]
[SourceVersion "1"]
[SourceVersionDate "2021.10.06"]
[SourceQuality "1"]

1. c4 e5 2. Nc3 Nf6 3. g3 d5 4. cxd5 Nxd5 5. Bg2 Nxc3 6. bxc3 c6 7. d4 exd4 8. Qxd4 Qxd4 9. cxd4 Bb4+ 10. Bd2 Bxd2+ 11. Kxd2 0-0 12. Nf3 Nd7 13. e3 Nf6 14. Ke2 Be6 15. Rhc1 Bd5 16. Kf1 Ng4 17. Kg1 Nf6 18. Ne5 Bxg2 19. Kxg2 Rfd8 20. Rab1 Rab8 21. Rb2 Ne8 22. Rcb1 Nd6 23. Nxc6 Nc4 24. Rb4 a5 25. Rxc4 bxc6 26. Rxb8 Rxb8 27. Rxc6 g6 28. Ra6 Rb5 29. a4 Rd5 30. Kf3 f5 31. Ke2 g5 32. f4 gxf4 33. gxf4 Kg7 34. Kd3 h5 35. h4 Kf7 36. Kc4 Rd7 37. Rxa5 Ke6 38. Ra6+ Kf7 39. Rh6 Rc7+ 40. Kd3 1-0

[Event "Pan American-ch U16 Girls 24th"]
[Site "Pocos de Caldas"]
[Date "2013.07.28"]
[Round "4.11"]
[White "Herrera Tafur, Alexandra"]
[Black "De Leon, Veronica"]
[Result "1-0"]
[WhiteElo "1500"]
[BlackElo "1634"]
[PlyCount "39"]
[EventDate "2013.07.25"]
[EventType "swiss"]
[EventRounds "9"]
[EventCountry "BRA"]
[SourceTitle "EXT 2022"]
[Source "ChessBase"]
[SourceDate "2021.10.06"]
[SourceVersion "1"]
[SourceVersionDate "2021.10.06"]
[SourceQuality "1"]

1. e4 e5 2. Nf3 Nf6 3. Nxe5 d6 4. Nf3 Nxe4 5. Nc3 Nxc3 6. dxc3 Be7 7. Be3 0-0 8. Qd2 d5 9. 0-0-0 c6 10. c4 dxc4 11. Qxd8 Rxd8 12. Rxd8+ Bxd8 13. Bxc4 Nd7 14. Re1 h6 15. Bxa7 b5 16. Re8+ Nf8 17. Bc5 Bf6 18. Rxf8+ Kh7 19. Bd3+ g6 20. Rxf7+ 1-0

[Event "Pan American-ch U16 Girls 24th"]
[Site "Pocos de Caldas"]
[Date "2013.07.26"]
[Round "1.6"]
[White "De Leon, Veronica"]
[Black "Besso, Guadalupe"]
[Result "0-1"]
[WhiteElo "1634"]
[BlackElo "1861"]
[PlyCount "84"]
[EventDate "2013.07.25"]
[EventType "swiss"]
[EventRounds "9"]
[EventCountry "BRA"]
[SourceTitle "EXT 2022"]
[Source "ChessBase"]
[SourceDate "2021.10.06"]
[SourceVersion "1"]
[SourceVersionDate "2021.10.06"]
[SourceQuality "1"]

1. c4 Nf6 2. Nc3 d5 3. d4 g6 4. Nf3 Bg7 5. Bf4 c6 6. e3 0-0 7. Bd3 Nbd7 8. h3 dxc4 9. Bxc4 Nb6 10. Bd3 Be6 11. 0-0 Rc8 12. e4 Nh5 13. Be3 Bc4 14. b3 Bxd3 15. Qxd3 c5 16. Rac1 cxd4 17. g4 dxe3 18. Qxe3 Nf6 19. Rfd1 Qe8 20. a4 e5 21. Nb5 Rxc1 22. Rxc1 Qd8 23. Nxa7 Nbd7 24. Nb5 Qa5 25. Nd6 Qb4 26. Nc4 Re8 27. Ne1 Qc5 28. Qxc5 Nxc5 29. Nd6 Rd8 30. Nxf7 Kxf7 31. Rxc5 Nxe4 32. Rc7+ Kg8 33. Rxb7 Rd1 34. Kf1 Nc3 35. Rc7 e4 36. a5 Bd4 37. Rc8+ Kg7 38. Rc7+ Kh6 39. Re7 Rd2 40. Rf7 g5 41. f3 Rf2+ 42. Kg1 Rxf3+ 0-1

[Event "Montevideo zt 2.5 (Women)"]
[Site "Montevideo"]
[Date "2013.04.25"]
[Round "9"]
[White "De Leon, Veronica"]
[Black "Colombo, Camila"]
[Result "0-1"]
[WhiteElo "1645"]
[BlackElo "2073"]
[PlyCount "54"]
[EventDate "2013.04.19"]
[EventType "swiss"]
[EventRounds "9"]
[EventCountry "URU"]
[SourceTitle "EXT 2014"]
[Source "ChessBase"]
[SourceDate "2013.11.20"]
[SourceVersion "1"]
[SourceVersionDate "2013.11.20"]
[SourceQuality "1"]

1. c4 e5 2. Nc3 Nf6 3. g3 d5 4. cxd5 Nxd5 5. Bg2 Nb6 6. Nf3 Nc6 7. 0-0 Be7 8. d3 0-0 9. Be3 f5 10. Qb3+ Kh8 11. Bxb6 axb6 12. Rad1 Qe8 13. e3 Qg6 14. a3 Be6 15. Qc2 f4 16. Qc1 Rad8 17. d4 e4 18. Ne5 Nxe5 19. Bxe4 Bf5 20. Bxf5 Nf3+ 21. Kg2 Nh4+ 22. Kg1 Nxf5 23. exf4 Nxd4 24. Qe3 Bc5 25. b4 Rfe8 26. Qc1 Nf3+ 27. Kg2 Qc6 0-1

[Event "Montevideo zt 2.5 (Women)"]
[Site "Montevideo"]
[Date "2013.04.24"]
[Round "8"]
[White "De Leon, Veronica"]
[Black "Besso, Guadalupe"]
[Result "0-1"]
[WhiteElo "1645"]
[BlackElo "1737"]
[PlyCount "74"]
[EventDate "2013.04.19"]
[EventType "swiss"]
[EventRounds "9"]
[EventCountry "URU"]
[SourceTitle "EXT 2014"]
[Source "ChessBase"]
[SourceDate "2013.11.20"]
[SourceVersion "1"]
[SourceVersionDate "2013.11.20"]
[SourceQuality "1"]

1. c4 Nf6 2. Nc3 d5 3. cxd5 Nxd5 4. g3 g6 5. Bg2 Nxc3 6. bxc3 Bg7 7. Nf3 0-0 8. 0-0 c5 9. d4 Nc6 10. Bb2 Qb6 11. Qb3 Be6 12. Qxb6 axb6 13. a3 Rfe8 14. Rfd1 Bb3 15. Rd2 Na5 16. e3 Nc4 17. Re2 Ba4 18. Rb1 Bb5 19. Rc2 e5 20. Nd2 Nxb2 21. Rcxb2 Bd3 22. Rd1 exd4 23. exd4 cxd4 24. cxd4 Bxd4 25. Ra2 Bf5 26. Bxb7 Ra7 27. Bf3 Be6 28. Rc2 Rxa3 29. Kg2 b5 30. Rb1 b4 31. Be4 b3 32. Rc7 b2 33. Nc4 Rc3 34. Bd3 Rxd3 35. Nxb2 Rd2 36. Nd1 Bf5 37. Rbc1 Bg4 0-1

[Event "Montevideo zt 2.5 (Women)"]
[Site "Montevideo"]
[Date "2013.04.23"]
[Round "7"]
[White "Silva Rosas, Natalia"]
[Black "De Leon, Veronica"]
[Result "1-0"]
[WhiteElo "1891"]
[BlackElo "1645"]
[PlyCount "95"]
[EventDate "2013.04.19"]
[EventType "swiss"]
[EventRounds "9"]
[EventCountry "URU"]
[SourceTitle "EXT 2014"]
[Source "ChessBase"]
[SourceDate "2013.11.20"]
[SourceVersion "1"]
[SourceVersionDate "2013.11.20"]
[SourceQuality "1"]

1. e4 e5 2. Ne2 Nf6 3. Nbc3 Nc6 4. g3 Bc5 5. Bg2 d6 6. 0-0 0-0 7. d3 Be6 8. Kh1 Ng4 9. d4 exd4 10. f3 dxc3 11. fxg4 cxb2 12. Bxb2 Bxg4 13. Rf4 Bxe2 14. Qxe2 Ne5 15. Raf1 Qe7 16. Rh4 f6 17. Bh3 Rae8 18. Bf5 g6 19. Bh3 Qf7 20. Qb5 g5 21. Rh6 c6 22. Qe2 Kg7 23. Rhxf6 Qxf6 24. Rxf6 Rxf6 25. Qh5 g4 26. Qxe8 gxh3 27. Bxe5 dxe5 28. Qd7+ Kg6 29. Qxh3 Rf2 30. Qe6+ Rf6 31. Qxe5 b6 32. Qe8+ Kg5 33. Qd8 Kg6 34. Qd3 Rd6 35. Qe2 h6 36. h4 Kg7 37. e5 Re6 38. Qg4+ Kf7 39. Qf4+ Kg7 40. Qf5 Rg6 41. g4 Be7 42. h5 Rg5 43. Qe6 Kf8 44. Kg2 Bc5 45. Qxh6+ Rg7 46. g5 Be3 47. Qh8+ Kf7 48. g6+ 1-0

[Event "Montevideo zt 2.5 (Women)"]
[Site "Montevideo"]
[Date "2013.04.20"]
[Round "3"]
[White "De Leon, Veronica"]
[Black "Larrea, Daniela"]
[Result "0-1"]
[WhiteElo "1645"]
[BlackElo "1700"]
[PlyCount "152"]
[EventDate "2013.04.19"]
[EventType "swiss"]
[EventRounds "9"]
[EventCountry "URU"]
[SourceTitle "EXT 2014"]
[Source "ChessBase"]
[SourceDate "2013.11.20"]
[SourceVersion "1"]
[SourceVersionDate "2013.11.20"]
[SourceQuality "1"]

1. c4 f5 2. g3 e6 3. Bg2 Nf6 4. Nf3 d5 5. 0-0 c6 6. Qc2 Bd6 7. d4 0-0 8. b3 Qe7 9. Bf4 Nh5 10. Bxd6 Qxd6 11. e3 Nd7 12. Nbd2 b5 13. Rac1 Nhf6 14. cxd5 cxd5 15. Qc6 Qxc6 16. Rxc6 Re8 17. Rfc1 Bb7 18. Rc7 Rab8 19. Ne5 Nxe5 20. dxe5 Ne4 21. Nf3 b4 22. Nd4 Nc3 23. a3 a5 24. Bf1 Kf8 25. Rc5 Ra8 26. Bb5 Re7 27. Bf1 Ne4 28. Rb5 bxa3 29. Ra1 a2 30. Nxe6+ Rxe6 31. Rxb7 Rxe5 32. Rxa2 Re7 33. Rb5 Rd7 34. Bg2 g6 35. b4 a4 36. Ra5 Rb8 37. R2xa4 Nc3 38. Ra3 Nb5 39. Rd3 Nc7 40. Rd4 Ke7 41. Bf1 Ne6 42. Rh4 h5 43. b5 Rdb7 44. Rha4 Nc5 45. Ra3 Rb6 46. Rc3 Kd6 47. Ra7 R8b7 48. Ra1 Ne4 49. Rc2 Rc7 50. Rxc7 Kxc7 51. Rc1+ Kd6 52. f3 Nd2 53. Be2 Nc4 54. Bxc4 dxc4 55. Rxc4 Rxb5 56. Rc2 g5 57. f4 gxf4 58. gxf4 Kd5 59. Kf2 Rb7 60. Kf3 h4 61. Rd2+ Ke6 62. e4 Rb3+ 63. Ke2 fxe4 64. Rd4 Kf5 65. Rd7 Kxf4 66. Rf7+ Kg4 67. Re7 Rb4 68. Kf2 Kh3 69. Kg1 Kg4 70. Rf7 e3 71. h3+ Kg3 72. Kf1 Rf4+ 73. Rxf4 Kxf4 74. Kg2 Ke4 75. Kg1 Kd3 76. Kf1 Kd2 0-1